000 00417nam a2200181Ia 4500
001 20278
005 20260306172754.0
008 260306t2003||||xx |||||||||||||| ||spa||
041 _aESP
082 _a343.1
_bH11
100 _aHäberle, Peter
_eAUT
245 0 _aEl estado constitucional
260 _c2003
300 _a339 páginas :
_c22 cm.
650 _aGEN
654 _aCDE
942 _cLIB
_dJUS
_fJUS
_2ddc
_n
999 _c20278
_d20278